000
00354nam a2200133Ia 4500
008
100328s9999 xx 000 0 und d
082
_b
60236
100
_a
साधू अरुण
245
_a
सिंहासन.
260
_b
गं्रथाली.
630
_a
सिंहासन.
730
_a
सिंहासन.
942
_c
BOOK
999
_c
546398
_d
546395